Thực hiện nguyên tắc đảng hoạt động trong khuôn khổ hiến pháp và pháp luật ở Việt Nam giai đoạn hiện nay : Sách chuyên khảo

Cuốn sách giới thiệu về thực hiện tắc đảng hoạt động trong khuôn khổ hiến pháp và pháp luật - những vấn đề lý luận và thực tiễn. Thực trạng, nguyên nhân và kinh nghiệm thực hiện nguyên tắc đảng hoạt động trong khuôn khổ hiến pháp va...

Descripció completa

Guardat en:
Dades bibliogràfiques
Autor principal: Nguyễn, Văn Giang
Format: Llibre
Idioma:Undetermined
Publicat: Hà Nội Chính trị Quốc gia - Sự thật 2011
Matèries:
Etiquetes: Afegir etiqueta
Sense etiquetes, Sigues el primer a etiquetar aquest registre!
Thư viện lưu trữ: Trung tâm Học liệu Trường Đại học Cần Thơ
LEADER 01467nam a2200229Ia 4500
001 CTU_207188
008 210402s9999 xx 000 0 und d
020 |c 46000 
082 |a 324.2597071 
082 |b Gi106 
100 |a Nguyễn, Văn Giang 
245 0 |a Thực hiện nguyên tắc đảng hoạt động trong khuôn khổ hiến pháp và pháp luật ở Việt Nam giai đoạn hiện nay : 
245 0 |b Sách chuyên khảo 
245 0 |c Nguyễn Văn Giang, Đinh Ngọc Giang (đồng chủ biên) 
260 |a Hà Nội 
260 |b Chính trị Quốc gia - Sự thật 
260 |c 2011 
520 |a Cuốn sách giới thiệu về thực hiện tắc đảng hoạt động trong khuôn khổ hiến pháp và pháp luật - những vấn đề lý luận và thực tiễn. Thực trạng, nguyên nhân và kinh nghiệm thực hiện nguyên tắc đảng hoạt động trong khuôn khổ hiến pháp và pháp luật ở Việt Nam. Phương hướng và giải pháp thực hiện tốt nguyên tắc đảng hoạt động trong khuôn khổ hiến pháp, pháp luật ở Việt Nam giai đoạn hiện nay. 
650 |a Communists party,Đảng cộng sản 
650 |z Vietnam,Việt Nam 
904 |i Qhieu 
980 |a Trung tâm Học liệu Trường Đại học Cần Thơ